LEADER 01968nas 2200589- 450 001 9910140260903321 005 20260218111350.0 011 $a2322-3561 035 $a(OCoLC)874118583 035 $a(CKB)2670000000556462 035 $a(CONSER)--2014243270 035 $a(DE-599)ZDB2760493-7 035 $a(DE-599)2760493-7 035 $a(EXLCZ)992670000000556462 100 $a20130925a20139999 --- - 101 0 $aeng 181 $ctxt$2rdacontent 182 $cn$2rdamedia 183 $anc$2rdacarrier 200 00$aJournal of advances in medical education & professionalism 210 1$aShiraz :$cShiraz University of Medical Sciences & Health Sciences 311 08$a2322-2220 517 1 $aJournal of advances in medical education and professionalism 517 1 $aJAMP 531 $aJ ADV MED EDUC PROF 531 0 $aJ. adv. med. educ. prof. 606 $aMedical education$vPeriodicals 606 $aMedical ethics$vPeriodicals 606 $aTeaching$xMethodology$vPeriodicals 606 $aEducation, Medical 606 $aEthics, Medical 606 $aTeaching$xmethods 606 $aMedical education$2fast$3(OCoLC)fst01014024 606 $aMedical ethics$2fast$3(OCoLC)fst01014081 606 $aTeaching$xMethodology$2fast$3(OCoLC)fst01144598 608 $aPeriodical. 608 $aPeriodicals.$2fast 615 0$aMedical education 615 0$aMedical ethics 615 0$aTeaching$xMethodology 615 12$aEducation, Medical. 615 22$aEthics, Medical. 615 22$aTeaching$xmethods. 615 7$aMedical education. 615 7$aMedical ethics. 615 7$aTeaching$xMethodology. 712 02$aD?nishg?h-i ?Ul?m-i Pizishk?-i Sh?r?z.$bEducation Development Center, 712 02$aD?nishg?h-i ?Ul?m-i Pizishk?-i Sh?r?z, 906 $aJOURNAL 912 $a9910140260903321 996 $aJournal of advances in medical education & professionalism$92129671 997 $aUNINA